عرض عادي
عرض مارك
- Equipment and Supplies
مدخل مصطلح موضوعي
001 - رقم الضبط
- حقل الضبط: 12172
003 - معرف رقم الضبط
- حقل الضبط: OSt
005 - تاريخ ووقت أخر عملية
- حقل الضبط: 20120429045745.0
008 - عناصر بيانات ثابتة الطول
- حقل تحكم ثابت الطول: 120429|||a|||||| | ||| d
040 ## - مصدر الفهرسة
- هيئة الفهرسة الأصلية: OSt
- وكالة الكتابة: OSt
150 ## - مدخل-- مصطلح تاريخي
- عنصر مدخل المصطلح الموضوعي او الاسم الجغرافي: Equipment and Supplies
- تفريع شكلي: Encyclopedias
- تفريع عام: English.
670 ## - بيانات المصدر موجوده
- الاستشهاد بالمصدر: Work cat.: (OSt)24076: Encyclopedia of medical devices and instrumentation /, c2006.
